000 00580nam a2200181Ia 4500
005 20250507130152.0
008 008 250505s9999 xx 000 0 eng d
037 _aDIS
040 _aEASL
_beng
_cEASL
041 _aeng
_2eng
084 _a0000176
_qEASL
100 _aKharbanda Garima
_9674049
245 0 _aIssues in higher education and the knowledge economy of Japan G.Balatchandirane
260 _aIndia
_bUnivesity of Delhi. Social Sciences. East Asian Studies (Delhi India)
_c2013
300 _a133p.
942 _cDIS
_h0000176
999 _c1318064
_d1318064